[Event "Rubinstein Memorial 56th"]
[Site "Polanica Zdroj"]
[Date "2020.08.15"]
[Round "1"]
[White "Jachym, Adam"]
[Black "Cukrowski, Filip"]
[Result "0-1"]
[WhiteElo "2042"]
[BlackElo "2419"]
[PlyCount "58"]
[EventDate "2020.08.15"]
[EventType "swiss"]
[EventRounds "9"]
[EventCountry "POL"]
[SourceTitle "CBM 197 Extra"]
[Source "ChessBase"]
[SourceDate "2020.09.30"]
[SourceVersion "1"]
[SourceVersionDate "2020.09.30"]
[SourceQuality "1"]

1. e4 c5 2. Nf3 e6 3. d4 cxd4 4. Nxd4 a6 5. Bd3 Qc7 6. 0-0 Nf6 7. Qe2 d6 8. c4 Nc6 9. Nxc6 bxc6 10. Nc3 Be7 11. f4 e5 12. c5 Qa7 13. Na4 0-0 14. Nb6 Bg4 15. Qf2 Rad8 16. Bc2 Be6 17. f5 dxc5 18. fxe6 Qxb6 19. exf7+ Kh8 20. a4 Rxf7 21. Ra3 Rff8 22. Rf3 Nd7 23. Qe2 Rxf3 24. Rxf3 Nf6 25. Qc4 a5 26. Qf7 c4+ 27. Kh1 Qb4 28. h3 Qe1+ 29. Kh2 Bc5 0-1

[Event "Wroclaw op"]
[Site "Wroclaw"]
[Date "2018.08.03"]
[Round "8"]
[White "Jachym, Adam"]
[Black "Grossmann, Ryszard"]
[Result "0-1"]
[WhiteElo "1999"]
[BlackElo "2052"]
[PlyCount "48"]
[EventDate "2018.07.30"]
[EventType "swiss"]
[EventRounds "9"]
[EventCountry "POL"]
[SourceTitle "CBM 185 Extra"]
[Source "ChessBase"]
[SourceDate "2018.07.29"]
[SourceVersion "1"]
[SourceVersionDate "2018.07.29"]
[SourceQuality "1"]

1. e4 c6 2. d4 d5 3. Nc3 e6 4. Nf3 Nf6 5. Bg5 h6 6. Bh4 g5 7. Bg3 dxe4 8. Ne5 Nbd7 9. h4 Rg8 10. hxg5 hxg5 11. f3 exf3 12. Qxf3 Bb4 13. 0-0-0 Qe7 14. Nxc6 bxc6 15. Qxc6 Bxc3 16. Qxa8 Bxb2+ 17. Kxb2 Qb4+ 18. Kc1 Qa3+ 19. Kd2 Qxg3 20. Qxc8+ Ke7 21. Qb7 Qf4+ 22. Kd3 Nd5 23. Re1 Qg3+ 24. Ke2 Qe3+ 0-1

[Event "Wroclaw op"]
[Site "Wroclaw"]
[Date "2018.07.31"]
[Round "3"]
[White "Jachym, Adam"]
[Black "Berdnyk, Mariia"]
[Result "0-1"]
[WhiteElo "1999"]
[BlackElo "2291"]
[PlyCount "96"]
[EventDate "2018.07.30"]
[EventType "swiss"]
[EventRounds "9"]
[EventCountry "POL"]
[SourceTitle "CBM 185 Extra"]
[Source "ChessBase"]
[SourceDate "2018.07.29"]
[SourceVersion "1"]
[SourceVersionDate "2018.07.29"]
[SourceQuality "1"]

1. c4 Nf6 2. Nc3 e5 3. e4 Bb4 4. d3 0-0 5. g4 c6 6. g5 Ne8 7. a3 Bxc3+ 8. bxc3 d5 9. cxd5 cxd5 10. exd5 Qxd5 11. Qf3 Qa5 12. Bd2 Nd6 13. Bg2 Nc6 14. Qd5 Qc7 15. Ne2 Be6 16. Qc5 Qd7 17. f4 Rac8 18. fxe5 Nf5 19. Bxc6 Rxc6 20. Qb5 a6 21. Qb1 Bd5 22. Rf1 Nh4 23. Nd4 Ng2+ 24. Kf2 Qh3 25. Ke2 Nh4 26. Rf4 Qxh2+ 27. Kd1 Rg6 28. Kc2 Rxg5 29. Qe1 Ng2 30. Qf2 Qh5 31. Rf5 Rxf5 32. Nxf5 Re8 33. Rg1 Rxe5 34. Nxg7 Kxg7 35. Rxg2+ Bxg2 36. Qxg2+ Qg6 37. Qxb7 Re2 38. c4 Qg2 39. Qb4 h5 40. c5 h4 41. Qd4+ f6 42. Qd7+ Kg6 43. Kc3 Rxd2 44. Qe8+ Kf5 45. Qd7+ Kf4 46. Qd4+ Kg5 47. Qe3+ Kf5 48. Kd4 Qf2 0-1

[Event "POL-ch U18"]
[Site "Szczyrk"]
[Date "2013.??.??"]
[Round "6"]
[White "Jachym, Adam"]
[Black "Eggink, Mateusz"]
[Result "0-1"]
[WhiteElo "1934"]
[BlackElo "2035"]
[PlyCount "102"]
[EventDate "2013.03.17"]
[EventType "swiss"]
[EventRounds "9"]
[EventCountry "POL"]
[SourceTitle "CBM 153 Extra"]
[Source "ChessBase"]
[SourceDate "2013.04.22"]
[SourceVersion "1"]
[SourceVersionDate "2013.04.22"]
[SourceQuality "1"]

1. e4 c5 2. c3 d5 3. exd5 Qxd5 4. d4 e5 5. dxe5 Qxd1+ 6. Kxd1 Nc6 7. Bf4 Nge7 8. Bd3 Ng6 9. Bxg6 hxg6 10. Nf3 Bf5 11. Ke2 c4 12. Nd4 Bd3+ 13. Kf3 g5 14. Bxg5 Nxe5+ 15. Kg3 f6 16. Bf4 Kf7 17. Nd2 Nd7 18. Nb5 g5 19. Bd6 f5 20. f3 Bg7 21. Rae1 Bf6 22. Nc7 Rac8 23. Nd5 Rce8 24. Nxf6 Kxf6 25. Kf2 Re6 26. Rxe6+ Kxe6 27. Bc7 Rc8 28. Re1+ Kd5 29. Ba5 Ne5 30. b3 b5 31. Bb4 Rc7 32. Bf8 Rh7 33. h3 a5 34. b4 axb4 35. Bxb4 Ra7 36. a3 Nc6 37. Nf1 Nxb4 38. Ne3+ Kd6 39. axb4 Ra2+ 40. Kg1 f4 41. Ng4 Rc2 42. Re5 Rxc3 43. Rxb5 Rc1+ 44. Kh2 c3 45. Rxg5 c2 46. Rc5 Re1 47. Nf2 Bh7 48. Ne4+ Bxe4 49. fxe4 c1Q 50. Rxc1 Rxc1 51. h4 Ke5 0-1

[Event "POL-ch U18"]
[Site "Szczyrk"]
[Date "2013.??.??"]
[Round "4"]
[White "Jachym, Adam"]
[Black "Gabryjalowicz, Jakub"]
[Result "1/2-1/2"]
[WhiteElo "1934"]
[BlackElo "1779"]
[PlyCount "85"]
[EventDate "2013.03.17"]
[EventType "swiss"]
[EventRounds "9"]
[EventCountry "POL"]
[SourceTitle "CBM 153 Extra"]
[Source "ChessBase"]
[SourceDate "2013.04.22"]
[SourceVersion "1"]
[SourceVersionDate "2013.04.22"]
[SourceQuality "1"]

1. e4 c5 2. c3 d5 3. exd5 Qxd5 4. d4 Nf6 5. Nf3 Bg4 6. Be2 e6 7. Be3 cxd4 8. Qxd4 Qxd4 9. Nxd4 Bxe2 10. Kxe2 a6 11. Nd2 Nd5 12. c4 Nxe3 13. fxe3 Nd7 14. a3 Be7 15. b4 0-0 16. Rhc1 b6 17. Rc2 Rfc8 18. Rb1 a5 19. N4f3 axb4 20. axb4 Ra4 21. Rcb2 Nb8 22. Ne1 Nc6 23. Nd3 h6 24. c5 bxc5 25. bxc5 Bf6 26. Rc2 Rca8 27. Rb6 R8a6 28. Rxa6 Rxa6 29. Ne4 Kf8 30. Nxf6 gxf6 31. Rb2 e5 32. Rb6 Rxb6 33. cxb6 Ke7 34. g4 Kd6 35. b7 Kc7 36. Nc5 Kb6 37. Nd7+ Kxb7 38. Nxf6 Ne7 39. Kf3 Kc6 40. Ke4 Kd6 41. h4 Ke6 42. Ne8 f5+ 43. gxf5+ 1/2-1/2

[Event "POL-ch U18"]
[Site "Szczyrk"]
[Date "2013.??.??"]
[Round "7"]
[White "Kanarkiewicz, Michal"]
[Black "Jachym, Adam"]
[Result "0-1"]
[WhiteElo "2056"]
[BlackElo "1934"]
[PlyCount "46"]
[EventDate "2013.03.17"]
[EventType "swiss"]
[EventRounds "9"]
[EventCountry "POL"]
[SourceTitle "CBM 153 Extra"]
[Source "ChessBase"]
[SourceDate "2013.04.22"]
[SourceVersion "1"]
[SourceVersionDate "2013.04.22"]
[SourceQuality "1"]

1. d4 d5 2. c4 c6 3. Nc3 Nf6 4. Nf3 dxc4 5. a4 Bf5 6. e3 Nbd7 7. Bxc4 e6 8. 0-0 Bb4 9. Qb3 a5 10. Na2 Bd6 11. h3 0-0 12. Nc3 e5 13. dxe5 Bxe5 14. Nxe5 Nxe5 15. Rd1 Qe7 16. Be2 Qb4 17. Qa2 Rad8 18. Bd2 Bc2 19. Nd5 Qb3 20. Nxf6+ gxf6 21. Bxa5 Qxa2 22. Rxa2 Bxd1 23. Bxd8 Rxd8 0-1

[Event "POL Region-ch U17"]
[Site "Szczyrk"]
[Date "2012.10.21"]
[Round "8.2"]
[White "Jachym, Adam"]
[Black "Dzierzak, Radoslaw"]
[Result "1/2-1/2"]
[WhiteElo "1922"]
[BlackElo "1918"]
[PlyCount "32"]
[EventDate "2012.10.14"]
[EventType "swiss"]
[EventRounds "9"]
[EventCountry "POL"]
[SourceTitle "EXT 2023"]
[Source "ChessBase"]
[SourceDate "2022.10.05"]
[SourceVersion "1"]
[SourceVersionDate "2022.10.05"]
[SourceQuality "1"]

1. e4 c5 2. Nf3 e6 3. d4 cxd4 4. Nxd4 a6 5. c4 Nf6 6. Nc3 Bb4 7. Bd3 Nc6 8. Nde2 d5 9. exd5 exd5 10. cxd5 Nxd5 11. 0-0 Nxc3 12. Nxc3 0-0 13. Bf4 Be6 14. Qf3 Qf6 15. Qg3 Bxc3 16. bxc3 Bf5 1/2-1/2

[Event "Berlin Lichtenberger op 11th"]
[Site "Berlin"]
[Date "2012.08.24"]
[Round "7"]
[White "Pueschel, Werner"]
[Black "Jachym, Adam"]
[Result "1-0"]
[WhiteElo "2121"]
[BlackElo "1881"]
[PlyCount "102"]
[EventDate "2012.08.18"]
[EventType "swiss"]
[EventRounds "9"]
[EventCountry "GER"]
[SourceTitle "CBM 150 Extra"]
[Source "ChessBase"]
[SourceDate "2012.10.19"]
[SourceVersion "1"]
[SourceVersionDate "2012.10.19"]
[SourceQuality "1"]

1. c3 d5 2. d3 Nf6 3. g3 Bf5 4. Nf3 h6 5. Nd4 Bh7 6. Qb3 Qc8 7. f4 Nbd7 8. Bg2 e6 9. Nd2 Ng4 10. Nf1 c5 11. Nf3 c4 12. dxc4 dxc4 13. Qa4 Bc5 14. e3 0-0 15. Qxc4 Qc6 16. h3 Be4 17. Nd4 Bxg2 18. Nxc6 Bxh1 19. hxg4 Bxc6 20. e4 b5 21. Qe2 e5 22. g5 exf4 23. Bxf4 hxg5 24. Bxg5 f5 25. 0-0-0 fxe4 26. Qg4 Rae8 27. Ne3 Ne5 28. Qh5 Rf3 29. Ng4 Nxg4 30. Qxg4 e3 31. Rd8 Rff8 32. Rxe8 Rxe8 33. Bf6 Bf8 34. Kd1 e2+ 35. Ke1 Bd5 36. b3 Re4 37. Qg5 Bf7 38. Bd4 b4 39. Qf5 Re8 40. c4 a6 41. c5 Re6 42. Qf3 Be8 43. Qf5 Bd7 44. Qd5 Bc8 45. c6 Bd6 46. Qg5 g6 47. Qh4 Kf7 48. Qh7+ Ke8 49. Bf2 Bf8 50. Qc7 Bh6 51. Qxc8+ Kf7 1-0

[Event "Berlin Lichtenberger op 11th"]
[Site "Berlin"]
[Date "2012.08.19"]
[Round "2"]
[White "Jachym, Adam"]
[Black "Burger, Heinrich"]
[Result "0-1"]
[WhiteElo "1881"]
[BlackElo "2138"]
[PlyCount "64"]
[EventDate "2012.08.18"]
[EventType "swiss"]
[EventRounds "9"]
[EventCountry "GER"]
[SourceTitle "CBM 150 Extra"]
[Source "ChessBase"]
[SourceDate "2012.10.19"]
[SourceVersion "1"]
[SourceVersionDate "2012.10.19"]
[SourceQuality "1"]

1. e4 c5 2. Nf3 e6 3. d4 cxd4 4. Nxd4 Nf6 5. Nc3 Nc6 6. Ndb5 Bb4 7. a3 Bxc3+ 8. Nxc3 d5 9. exd5 exd5 10. Bd3 0-0 11. 0-0 h6 12. Bf4 d4 13. Ne2 Qd5 14. c4 dxc3 15. Nxc3 Qd4 16. Qd2 Rd8 17. Rad1 Bg4 18. Be3 Qe5 19. f3 Bf5 20. Qe2 Nd4 21. Qf2 Bxd3 22. Rfe1 Nc2 23. Bb6 Nxe1 24. Rxe1 Qxe1+ 25. Qxe1 axb6 26. Qf2 Rd6 27. g4 Rad8 28. Kg2 Bb5 29. Kg3 Bc6 30. Qxb6 Bxf3 31. Qb5 Bc6 32. Qa5 Rd3+ 0-1

[Event "Gora Sw Anny op 4th"]
[Site "Gora Sw Anny"]
[Date "2011.02.12"]
[Round "1"]
[White "Jachym, Adam"]
[Black "Antolak, Julia"]
[Result "1-0"]
[WhiteElo "1866"]
[BlackElo "1472"]
[PlyCount "49"]
[EventDate "2011.02.12"]
[EventType "swiss"]
[EventRounds "9"]
[EventCountry "POL"]
[SourceTitle "CBM 140 Extra"]
[Source "ChessBase"]
[SourceDate "2011.03.01"]
[SourceVersion "1"]
[SourceVersionDate "2011.03.01"]
[SourceQuality "1"]

1. e4 c5 2. c3 Nc6 3. d4 cxd4 4. cxd4 d6 5. Nc3 g6 6. Nf3 Bg7 7. h3 Nf6 8. Be3 0-0 9. Qd2 Bd7 10. Rd1 Bc8 11. Be2 b6 12. 0-0 Bb7 13. d5 Nb8 14. Bh6 Nbd7 15. Bxg7 Kxg7 16. Nd4 Nc5 17. Qe3 Rc8 18. f4 a6 19. Bf3 b5 20. e5 dxe5 21. fxe5 Ne8 22. Nc6 Bxc6 23. dxc6 Qb6 24. Nd5 Qa7 25. b4 1-0

[Event "Berlin Lichtenberger op 9th"]
[Site "Berlin"]
[Date "2010.08.11"]
[Round "5"]
[White "Jachym, Adam"]
[Black "Bethe, Stephan"]
[Result "1-0"]
[WhiteElo "1835"]
[BlackElo "2162"]
[PlyCount "41"]
[EventDate "2010.08.07"]
[EventType "swiss"]
[EventRounds "9"]
[EventCountry "GER"]
[SourceTitle "CBM 137 Extra"]
[Source "ChessBase"]
[SourceDate "2010.09.01"]
[SourceVersion "1"]
[SourceVersionDate "2010.09.01"]
[SourceQuality "1"]

1. e4 c5 2. Nf3 a6 3. c3 d5 4. exd5 Qxd5 5. d4 Bg4 6. Be2 cxd4 7. cxd4 e6 8. 0-0 Nf6 9. Nc3 Qa5 10. h3 Bh5 11. Ne5 Bxe2 12. Qxe2 Bb4 13. Qf3 Qc7 14. Bf4 Qe7 15. Bg5 0-0 16. Ne4 Nbd7 17. Nxd7 Qxd7 18. Nxf6+ gxf6 19. Bh6 Bd2 20. Bxd2 Rfd8 21. Bh6 1-0

[Event "Berlin Lichtenberger op 9th"]
[Site "Berlin"]
[Date "2010.08.10"]
[Round "4"]
[White "Jachym, Adam"]
[Black "Piotrowski, Christopher"]
[Result "1-0"]
[WhiteElo "1835"]
[BlackElo "2086"]
[PlyCount "95"]
[EventDate "2010.08.07"]
[EventType "swiss"]
[EventRounds "9"]
[EventCountry "GER"]
[SourceTitle "CBM 137 Extra"]
[Source "ChessBase"]
[SourceDate "2010.09.01"]
[SourceVersion "1"]
[SourceVersionDate "2010.09.01"]
[SourceQuality "1"]

1. e4 e6 2. d4 d5 3. Nc3 Nf6 4. e5 Nfd7 5. f4 c5 6. Nf3 Nc6 7. Be3 a6 8. Qd2 b5 9. Qf2 Qb6 10. 0-0-0 Qa5 11. Kb1 c4 12. f5 Nb6 13. Ng5 Ra7 14. fxe6 Bxe6 15. Be2 Be7 16. Nxe6 fxe6 17. Bg4 Nd8 18. Qf3 Bb4 19. Ne2 c3 20. b3 Nc4 21. Bc1 Rc7 22. Rd3 Rf8 23. Qh3 g6 24. Qg3 Rff7 25. Ka1 Nb6 26. h4 Nc8 27. h5 Ne7 28. hxg6 hxg6 29. Nf4 Nf5 30. Bxf5 gxf5 31. Rh8+ Kd7 32. Rxd8+ Kxd8 33. Qg8+ Bf8 34. Nxe6+ Ke8 35. Nxc7+ Qxc7 36. Qg6 Kd8 37. Bg5+ Kc8 38. Qxa6+ Kb8 39. Bf4 Rh7 40. a3 Rh1+ 41. Ka2 b4 42. g3 Qb7 43. e6+ Kc8 44. Qa4 Kd8 45. Bg5+ Be7 46. Bxe7+ Qxe7 47. Qa8+ Kc7 48. Qa7+ 1-0

[Event "POL-ch U16"]
[Site "Karpacz"]
[Date "2010.03.14"]
[Round "11"]
[White "Jachym, Adam"]
[Black "Galaszewski, Patryk"]
[Result "1-0"]
[WhiteElo "1814"]
[BlackElo "1790"]
[PlyCount "69"]
[EventDate "2010.03.06"]
[EventType "swiss"]
[EventRounds "11"]
[EventCountry "POL"]
[SourceTitle "CBM 135 Extra"]
[Source "ChessBase"]
[SourceDate "2010.05.04"]
[SourceVersion "1"]
[SourceVersionDate "2010.05.04"]
[SourceQuality "1"]

1. e4 g6 2. d4 Bg7 3. Nc3 d6 4. f4 c6 5. Nf3 Bg4 6. Be3 Qb6 7. Qd2 Bxf3 8. gxf3 Nd7 9. Bh3 Qc7 10. a4 e6 11. Rg1 Ngf6 12. e5 Nd5 13. Ne4 dxe5 14. fxe5 0-0 15. Bh6 c5 16. Bxg7 Kxg7 17. c3 cxd4 18. cxd4 Qb6 19. a5 Qa6 20. Nd6 N7b6 21. Bf1 Nc4 22. Bxc4 Qc6 23. Rc1 Qd7 24. Bxd5 exd5 25. Qc2 Qd8 26. b4 Qh4+ 27. Qf2 Qf4 28. Rc7 Kh8 29. Rg4 Qh6 30. Rh4 Qg7 31. Qe3 h5 32. Qf4 Kg8 33. Qf6 Qh6 34. Nf5 Qh7 35. Ne7# 1-0

[Event "POL-ch U16"]
[Site "Karpacz"]
[Date "2010.03.13"]
[Round "10"]
[White "Malaczek, Mateusz"]
[Black "Jachym, Adam"]
[Result "0-1"]
[WhiteElo "1841"]
[BlackElo "1814"]
[PlyCount "100"]
[EventDate "2010.03.06"]
[EventType "swiss"]
[EventRounds "11"]
[EventCountry "POL"]
[SourceTitle "CBM 135 Extra"]
[Source "ChessBase"]
[SourceDate "2010.05.04"]
[SourceVersion "1"]
[SourceVersionDate "2010.05.04"]
[SourceQuality "1"]

1. e4 e5 2. Nf3 Nc6 3. Bc4 Nf6 4. d3 Bc5 5. c3 0-0 6. Bb3 d5 7. Qe2 dxe4 8. dxe4 Bg4 9. Nbd2 Qe7 10. Nf1 Rad8 11. Ng3 Nh5 12. Nxh5 Bxh5 13. h3 Bxf3 14. Qxf3 Rd6 15. 0-0 Rfd8 16. Bd5 Nb8 17. Qh5 Nd7 18. Bxb7 Nf6 19. Qe2 Rb6 20. Ba6 Nxe4 21. Qxe4 Rxa6 22. b4 Bb6 23. a4 c5 24. Qc4 Qb7 25. Bg5 Rc8 26. Qb5 cxb4 27. Be3 Rb8 28. Rfd1 bxc3 29. Rac1 Ra5 30. Qb3 h6 31. Qxc3 Rxa4 32. Qxe5 Re4 33. Qf5 Qe7 34. Rd7 Qe6 35. Qxe6 Rxe6 36. Bxb6 axb6 37. Rcc7 Rf6 38. Rb7 Rxb7 39. Rxb7 g5 40. g3 Kg7 41. h4 gxh4 42. gxh4 Kg6 43. Kg2 Kf5 44. Kg3 Ke5 45. f4+ Ke4 46. Rb8 Rg6+ 47. Kh3 Kxf4 48. Rb7 Rf6 49. Rb8 Ke4 50. Rb7 Kd4 0-1